TEXNH : craftsmen, craftswomen and craftsmanship in the Aegean Bronze Age. Proceedings of the 6th International Aegean Conference, Philadelphia, Temple University, 18-21 April 1996 /

Bibliographic Details
Corporate Authors: International Aegean Conference Temple University, Université de Liège. Service d'histoire de l'art et d'archéologie de la Grèce antique, University of Texas at Austin. Program in Aegean Scripts and Prehistory
Other Authors: Laffineur, Robert, Betancourt, Philip P., 1936-
Format: Conference Proceeding Book
Language:English
Published: Liège : Austin : Université de Liège; University of Texas at Austin, 1997.
Series:Aegaeum ; no. 16.
Subjects:

MARC

Tag First Indicator Second Indicator Subfields
LEADER 00000cam a2200000 i 4500
001 in00001490113
005 20151021065509.0
008 970626s1997 be af b 000 0 eng d
035 |a (OCoLC)39321141 
035 |9 AJG8440AM 
040 |a TZT  |b fre  |c TZT  |d ORU  |d TXA  |d UtOrBLW 
049 |a TXAM 
072 7 |a N  |2 lcco 
082 1 4 |a 700  |2 1 
090 |a DF10  |b .A33 no. 16  
111 2 |a International Aegean Conference  |n (6th :  |d 1996 :  |c Temple University) 
245 1 0 |a TEXNH :  |b craftsmen, craftswomen and craftsmanship in the Aegean Bronze Age. Proceedings of the 6th International Aegean Conference, Philadelphia, Temple University, 18-21 April 1996 /  |c edited by Robert Laffineur and Philip P. Betancourt. 
264 1 |a Liège :  |b Université de Liège;  |a Austin :  |b University of Texas at Austin,  |c 1997. 
300 |a 2 volumes (548 pages, 198 pages of plates) :  |b illustrations ;  |c 30 cm. 
336 |a text  |b txt  |2 rdacontent 
337 |a unmediated  |b n  |2 rdamedia 
338 |a volume  |b nc  |2 rdacarrier 
490 1 |a Aegaeum ;  |v 16 
504 |a Includes bibliographical references. 
650 0 |a Handicraft  |z Aegean Sea Region  |x Congresses. 
650 0 |a Artisans  |z Aegean Sea Region  |x Congresses. 
650 0 |a Bronze age  |z Aegean Sea Region  |x Congresses. 
651 0 |a Aegean Sea Region  |x Antiquities  |x Congresses. 
653 |a History of Art 
700 1 |a Laffineur, Robert. 
700 1 |a Betancourt, Philip P.,  |d 1936- 
710 2 |a Université de Liège.  |b Service d'histoire de l'art et d'archéologie de la Grèce antique. 
710 2 |a University of Texas at Austin.  |b Program in Aegean Scripts and Prehistory. 
830 0 |a Aegaeum ;  |v no. 16. 
948 |a c:jls 
999 |a MARS 
999 f f |s fc08ecc7-9d83-3b4f-bcd4-bb1fc4a39559  |i f93aa45d-1e94-3963-ba2d-c2b97fefe16b  |t 0 
952 f f |p noncirc  |a Texas A&M University  |b College Station  |c Sterling C. Evans Library  |d Bodrum (located in Turkey)  |t 0  |e DF10 .A33 no.16  |h Library of Congress classification  |i unmediated -- volume  |k v.2 
952 f f |p normal  |a Texas A&M University  |b College Station  |c Sterling C. Evans Library  |d Evans: Library Stacks  |t 0  |e DF10 .A33 no. 16  |h Library of Congress classification  |i unmediated -- volume  |k v.2  |m A14839010330 
952 f f |p normal  |a Texas A&M University  |b College Station  |c Sterling C. Evans Library  |d Evans: Library Stacks  |t 0  |e DF10 .A33 no. 16  |h Library of Congress classification  |i unmediated -- volume  |k v.1  |m A14839010291 
998 f f |a DF10 .A33 no.16  |s v.2  |t 0  |l Bodrum (located in Turkey) 
998 f f |a DF10 .A33 no. 16  |s v.1-2  |t 0  |l Evans: Library Stacks